Tous les joueurs de l'équipe de France de 2011 à 2020: - Statistiques

Statistiques générales
  • Ce quiz a été pris 289 fois
  • Le résultat moyen est 56 sur 97
Statistiques - réponses
Poste Réponse % Correct
Gardien Hugo Lloris
100%
Gardien Steve Mandanda
98%
Défenseur Raphael Varane
96%
Attaquant Karim Benzema
95%
Attaquant Olivier Giroud
95%
Défenseur Benjamin Pavard
94%
Milieu Paul Pogba
94%
Milieu N'Golo Kanté
93%
Défenseur Lucas Hernandez
92%
Attaquant Antoine Griezmann
91%
Attaquant Kylian Mbappé
91%
Gardien Alphonse Aréola
89%
Milieu Blaise Matuidi
89%
Défenseur Samuel Umtiti
89%
Défenseur Benjamin Mendy
82%
Défenseur Ferland Mendy
82%
Gardien Mike Maignan
82%
Défenseur Adil Rami
81%
Attaquant Ousmane Dembélé
81%
Gardien Benoît Costil
80%
Milieu Corentin Tolisso
80%
Milieu Nabil Fekir
80%
Défenseur Patrice Evra
80%
Défenseur Presnel Kimpembe
80%
Gardien Stéphane Ruffier
80%
Milieu Franck Ribéry
79%
Attaquant Kingsley Coman
79%
Attaquant Florian Thauvin
78%
Attaquant Dimitri Payet
76%
Défenseur Laurent Koscielny
76%
Milieu Adrien Rabiot
74%
Défenseur Bacary Sagna
74%
Défenseur Mamadou Sakho
72%
Milieu Mathieu Valbuena
71%
Milieu Samir Nasri
70%
Milieu Yohan Cabaye
70%
Attaquant Alexandre Lacazette
69%
Attaquant André-Pierre Gignac
69%
Défenseur Djibril Sidibé
69%
Défenseur Lucas Digne
69%
Milieu Moussa Sissoko
69%
Milieu Steven Nzonzi
69%
Attaquant Hatem Ben Arfa
67%
Attaquant Anthony Martial
65%
Milieu Thomas Lemar
63%
Attaquant Wissam Ben Yedder
63%
Milieu Lassana Diarra
61%
Défenseur Christophe Jallet
60%
Défenseur Clément Lenglet
60%
Attaquant Marcus Thuram
60%
Milieu Abou Diaby
59%
Défenseur Philippe Mexès
57%
Défenseur Mathieu Debuchy
56%
Milieu Yoann Gourcuff
56%
Milieu Eduardo Camavinga
55%
Attaquant Jérémy Ménez
55%
Défenseur Gael Clichy
51%
Attaquant Kevin Gameiro
50%
Défenseur Dayot Upamecano
49%
Défenseur Léo Dubois
47%
Attaquant Rémy Cabella
47%
Milieu Houssem Aouar
46%
Gardien Cédric Carrasso
45%
Attaquant Bafétimbi Gomis
44%
Attaquant Loic Rémy
43%
Milieu Marvin Martin
43%
Défenseur Kurt Zouma
42%
Défenseur Eliaquim Mangala
41%
Milieu Tanguy Ndombélé
40%
Milieu Clément Grenier
39%
Défenseur Benoît Trémoulinas
38%
Défenseur Anthony Réveillère
37%
Milieu Maxime Gonalons
37%
Défenseur Eric Abidal
36%
Défenseur Layvin Kurzawa
36%
Milieu Rio Mavuba
35%
Attaquant Alassane Pléa
34%
Milieu Yann M'Vila
34%
Attaquant Guillaume Hoarau
31%
Défenseur Jérémy Mathieu
31%
Milieu Geoffrey Kondogbia
30%
Milieu Tiémoué Bakayoko
30%
Attaquant Jonathan Ikoné
29%
Défenseur Mapou Yanga-Mbiwa
28%
Attaquant Djibril Cissé
26%
Milieu Etienne Capoue
25%
Défenseur Sébastien Corchia
25%
Milieu Clément Chantôme
23%
Attaquant Paul-Georges Ntep
23%
Attaquant Jimmy Briand
22%
Défenseur Ruben Aguilar
22%
Défenseur Younès Kaboul
16%
Milieu Charles N'Zogbia
14%
Milieu Josuha Guilavogui
14%
Attaquant Louis Saha
14%
Milieu Morgan Amalfitano
14%
Milieu Morgan Schneinderlin
1%
Aucun quiz correspondant
Distribution des résultats
% des personnes avec chaque résultat
Percentile par nombre de réponses
Votre historique - résultats
Vous n’avez pas pris ce quiz